[Event "Washington Class Championships"]
[Site "Redmond, WA"]
[Date "2012.11.24"]
[Round "1"]
[White "Wang Michael  (WA)"]
[Black "Feng Roland  (WA)"]
[Result "1-0"]
[WhiteElo "2148"]
[BlackElo "2204"]
[Annotator ""]
[Source ""]
[Remark "Master"]

1.c4 Nf6 2.Nc3 e6 3.Nf3 b6 4.g3 Bb7 5.Bg2 c5 6.O-O Be7 7.b3 O-O
8.Bb2 d6 9.d4 cxd4 10.Qxd4 Nc6 11.Qd2 a6 12.Rad1 Qc7 13.e4 Rfd8
14.Ne1 ( 14.Nh4 Nd7 15.f4 b5 16.f5 Nce5 17.cxb5 axb5 18.Kh1 Qb6
19.Qf4 Nc5 20.Qf2 b4 21.Na4 Nxa4 22.bxa4 Qxf2 23.Rxf2 Ng4 24.Rf4
Ne3 25.Re1 Nxg2 26.Nxg2 Rxa4 27.Bxg7 Kxg7 28.f6+ Bxf6 29.Ref1
Rxa2 30.Ne3 b3 31.Rg4+ Kf8 32.Rxf6 b2 {0-1, Pinto Paiva Jose (BRA) 2265 - Araujo Rodolfo 2280, Caxias do Sul (Brazil) 1975.07}
) Nb4 15.Nd3 d5 16.cxd5 exd5 17.exd5 Nbxd5 18.Nxd5 Bxd5 19.Qg5
Bxg2 20.Kxg2 Rd5 21.Qf4 Qd7 22.Ne5 Qe6 23.Rfe1 Rxd1 24.Rxd1 Re8
25.Qf3 Bd6 26.Nd3 Ne4 27.Nf4 Bxf4 28.Qxf4 Qc6 29.Qf3 h6 30.Re1
b5 31.Kg1 Re6 32.Rc1 Qd7 33.h4 Nd2 34.Qf4 Re4 35.Rc7 Qd5 36.Rc8+
Kh7 37.Rh8+ Kg6 38.h5+ Kxh5 39.Rxh6+ gxh6 40.g4+ Kh4 41.Bf6+
Qg5 42.Qg3# 1-0

[Event "Washington Class Championships"]
[Site "Redmond, WA"]
[Date "2012.11.25"]
[Round "6"]
[White "Allen Robert  (WA)"]
[Black "Varner Murlin  (WA)"]
[Result "1-0"]
[WhiteElo "1705"]
[BlackElo "1732"]
[Annotator ""]
[Source ""]
[Remark "B"]

1.d4 d5 2.c4 Nf6 3.Nc3 e6 4.Bg5 Be7 5.Nf3 O-O 6.e3 Nbd7 7.Bd3
dxc4 8.Bxc4 h6 9.Bh4 Nb6 10.Bb3 Nbd5 11.O-O c6 ( 11...Nxc3 12.bxc3
b6 13.Bxf6 Bxf6 14.Re1 Bb7 15.e4 Rc8 16.Bc2 c5 17.e5 Bxf3 18.Qxf3
Be7 19.Qd3 g6 20.Re4 cxd4 21.Rxd4 Qc7 22.Rd7 Qxc3 23.Qxc3 Rxc3
24.Bxg6 Bc5 25.Be4 Rc4 26.Bd3 Rf4 27.Rf1 Rc8 28.g3 Ra4 29.Bb1
Bd4 30.Rd1 Bxe5 31.Rd8+ Rxd8 32.Rxd8+ Kg7 33.Kg2 Rb4 34.Rd1 Rb2
35.Kf1 Bf6 36.h4 Be7 37.a4 Bc5 38.f4 Rh2 39.Be4 Rf2+ 40.Ke1 Ra2
41.Bc6 Bf2+ 42.Kf1 Bxg3 43.Rd7 Rf2+ 44.Kg1 Rxf4 45.Rxa7 b5 {0-1, Hielscher Ursula (GER) 2132 - Rantner Otto (AUT) 1995, Seefeld (Austria) 1999}
) 12.Rc1 Nd7 13.Bg3 Nxc3 14.Rxc3 Nf6 15.Qc2 Nh5 16.Rd1 Nxg3 17.hxg3
Bb4 18.Rc4 Qe7 19.a3 Ba5 20.Ba2 b5 21.Bb1 g6 22.Rxc6 Bb7 23.Rc5
a6 24.Rh5 Rac8 25.Qd3 Kg7 26.Ne5 f5 27.Rh3 Be4 28.Qe2 Bxb1 29.Rxb1
Qc7 30.b4 Bb6 31.Rb2 Rh8 32.g4 Qc1+ 33.Kh2 Bc7 34.gxf5 Bxe5+
35.dxe5 exf5 36.Rd2 Rhd8 37.Rxd8 Rxd8 38.Qf3 Qc7 39.Qf4 h5 40.Rg3
Rf8 41.e4 fxe4 42.Qxe4 Qf7 43.e6 Qf5 44.Qd4+ Qf6 45.Qa7+ Kg8
46.Qxa6 {??} h4 {??} ( 46...Qh4+ 47.Kg1 Rd8 48.Kf1
( 48.Rxg6+ Kh8 49.Rh6+ Kg8 50.Rg6+ ) Qh1+ 49.Ke2 Qd1+ 50.Ke3
Qd3+ 51.Kf4 Qf5+ 52.Ke3 Qe5+ 53.Kf3 Rd3# ) 47.Rg4 Qe5+ 48.Kh3
g5 49.Qb6 Qc3+ 50.Qe3 Qxe3+ 51.fxe3 Rf5 52.e7 Kf7 53.Re4 Ke8
54.Kg4 Rf2 55.Kxg5 Rxg2+ 56.Kxh4 Ra2 57.Kg5 Rxa3 58.Kf6 Ra6+
59.Kf5 Rc6 60.Re5 Rc3 61.e4 Rf3+ 62.Ke6 Rf4 63.Kd6 Rf6+ 64.Kc5 1-0

[Event "Washington Class Championships"]
[Site "Redmond, WA"]
[Date "2012.11.25"]
[Round "6"]
[White "Xing Casey  (WA)"]
[Black "He Samuel  (WA)"]
[Result "1/2-1/2"]
[WhiteElo "2086"]
[BlackElo "1983"]
[Annotator ""]
[Source ""]
[Remark "Expert"]

1.d4 e6 2.c4 Nf6 3.Nc3 Bb4 4.Qc2 O-O 5.Nf3 c5 6.dxc5 Na6 7.a3
Bxc3+ 8.Qxc3 Nxc5 9.e3 b6 10.Be2 Bb7 11.O-O Rc8 12.b4 Nce4 13.Qb3
d5 14.Bb2 Qe7 15.Rac1 Rfd8 ( 15...Rfd8 16.h3 dxc4 17.Bxc4 Nd6
18.Be2 Bd5 19.Bxf6 Qxf6 20.Qb1 Ne4 21.Qa1 Nc3 22.Nd4 Qg5 23.Bg4
h5 24.Rxc3 hxg4 25.Rxc8 gxh3 {0-1, Valero Fernandez Martin (ESP) 2030 - Baron Rodriguez Jesus (ESP) 2380, Mondariz (Spain) 1997}
) 16.Qa2 dxc4 17.Bxc4 Bd5 18.Bxf6 Nxf6 1/2-1/2

[Event "Washington Class Championships"]
[Site "Redmond, WA"]
[Date "2012.11.25"]
[Round "5"]
[White "Kalina Chris  (MN)"]
[Black "Perez Ignacio  (WA)"]
[Result "0-1"]
[WhiteElo "2084"]
[BlackElo "2273"]
[Annotator ""]
[Source ""]
[Remark "Master"]

1.d4 Nf6 2.Nf3 g6 3.b3 Bg7 4.Bb2 O-O 5.e3 d6 6.Be2 Nbd7 7.O-O
e5 8.c4 e4 9.Nfd2 Re8 10.Qc2 Nf8 11.Nc3 Bf5 12.Rfe1 h5 13.Bf1
N8h7 ( 13...Ne6 14.b4 Nxd4 15.exd4 e3 16.Bd3 exf2+ 17.Kxf2 Ng4+
18.Kf1 Nxh2+ 19.Kg1 Bxd4+ 20.Kh1 Qh4 21.g3 Qh3 {0-1, Wienand E - Gross David (GER) 2240, Giessen (Germany) 1995}
) 14.Rad1 Ng5 15.h4 Nf3+ 16.gxf3 exf3 17.e4 Nxe4 18.Ncxe4 Qxh4
19.Nxf3 Qg4+ 20.Bg2 Bxe4 21.Rxe4 Qxe4 22.Qxe4 Rxe4 23.Re1 Rxe1+
24.Nxe1 c6 25.Nd3 a5 26.Kf1 a4 27.d5 Bxb2 28.dxc6 bxc6 29.Bxc6
axb3 30.axb3 Ra1+ 0-1

[Event "Washington Class Championships"]
[Site "Redmond, WA"]
[Date "2012.11.25"]
[Round "5"]
[White "Padhi Pratik  (WA)"]
[Black "Kannan Aditya  (WA)"]
[Result "0-1"]
[WhiteElo "1256"]
[BlackElo "1346"]
[Annotator ""]
[Source ""]
[Remark "C"]

1.d4 d5 2.c4 c6 3.Nf3 Nf6 4.Nc3 e6 5.Bg5 Nbd7 6.e3 Qa5 7.Nd2
Bb4 8.Qc2 O-O 9.a3 Re8 10.Nb3 Bxc3+ 11.bxc3 Qc7 12.Bf4 e5 13.Bg3
Qd8 14.c5 Ne4 15.Nd2 Nxg3 16.hxg3 h6 17.Qd1 Nf6 18.Qf3 {??} Bg4
19.dxe5 Bxf3 20.Nxf3 Ne4 21.Rb1 Rb8 22.Be2 Qa5 23.Nd4 Qxc3+ 0-1

[Event "Washington Class Championships"]
[Site "Redmond, WA"]
[Date "2012.11.24"]
[Round "3"]
[White "Brusniak Benjamin  (WA)"]
[Black "Mathews Dan  (WA)"]
[Result "1-0"]
[WhiteElo "1708"]
[BlackElo "1711"]
[Annotator ""]
[Source ""]
[Remark "B"]

1.d4 d5 2.c4 e6 3.Nc3 Nf6 4.Nf3 Be7 5.Bg5 O-O 6.e3 b6 7.h3 Bb7
8.Be2 c5 9.dxc5 Bxc5 10.cxd5 exd5 11.Bxf6 Qxf6 12.O-O Rd8 13.Qc2
Nc6 14.Rad1 Ne7 15.Nd4 Rac8 16.Bg4 Rb8 17.a3 a5 18.Bf3 Rbc8 19.Bg4
Rb8 20.Bf3 Rbc8 21.Qb3 Rb8 22.Rd2 Bxd4 23.Rxd4 Qe6 24.Rfd1 h6
25.Nxd5 Nxd5 26.Bxd5 Bxd5 27.Rxd5 Rxd5 28.Qxd5 Qf6 29.Qd4 Qf5
30.Qd6 Qc8 31.Rd3 b5 32.Rc3 Qe8 33.Rc5 Rd8 34.Qe5 Rd1+ 35.Kh2
Qd8 36.Rxb5 Rd2 37.Rb8 1-0

[Event "Washington Class Championships"]
[Site "Redmond, WA"]
[Date "2012.11.24"]
[Round "3"]
[White "Sen Samir  (WA)"]
[Black "Collyer Curt  (WA)"]
[Result "1/2-1/2"]
[WhiteElo "2158"]
[BlackElo "2288"]
[Annotator ""]
[Source ""]
[Remark "Master"]

1.d4 b6 2.Nf3 Bb7 3.e3 e6 4.Bd3 f5 5.Nbd2 Nf6 6.b3 Nc6 7.Bb2
( 7.Bb2 Nb4 8.a3 Nxd3+ 9.cxd3 Be7 10.O-O O-O 11.Rc1 Rc8 12.Re1
Qe8 13.h3 h6 14.Qe2 g5 15.Nh2 Qg6 16.f3 Bd6 17.g4 Bg3 18.Red1
fxg4 19.hxg4 h5 20.Nhf1 Bh4 21.gxh5 Qxh5 22.e4 Rf7 23.Qg2 Qg6
24.Rc2 d6 25.Ne3 Nh5 26.Qg4 Rcf8 27.a4 Bc8 28.Ndf1 e5 29.Qg2
Nf4 30.Qe2 Nh3+ 31.Kg2 g4 32.f4 Nxf4+ 33.Kh1 Nh3 34.Qg2 Rf2 35.Rxf2
Rxf2 36.Qxf2 Nxf2+ {0-1, Truscek Andrijana (CRO) - Smokvina Korbar Radmila (CRO), Tucepi (Croatia) 1996}
) Ne7 8.c4 Nc8 9.d5 exd5 10.Bxf5 dxc4 11.Nxc4 Bb4+ 12.Ncd2 Nd6
13.Bd3 Nde4 14.a3 Bc3 15.Bxc3 Nxc3 16.Qc2 Ncd5 17.Ng5 Qe7 18.O-O
O-O-O 19.Rac1 c5 20.Nge4 Kb8 21.Nxf6 gxf6 22.Be4 h5 23.Qd3 Qe6
24.Bf5 Qg8 25.e4 Qxg2+ 26.Kxg2 Nf4+ 27.Kf3 Nxd3 28.Rcd1 d5 29.Ke3
Ba6 30.Rg1 d4+ 31.Kf3 Rhg8 32.Be6 Rg5 33.Nc4 Bxc4 34.bxc4 Nb2
35.Rxg5 fxg5 36.Rd2 Rf8+ 37.Kg3 Na4 38.f3 Kc7 39.Bf5 Kd6 40.h4
gxh4+ 41.Kxh4 Ke5 42.Kg5 Rg8+ 43.Bg6 Rxg6+ {?!} 44.Kxg6 b5 45.cxb5
c4 46.f4+ Kxe4 47.f5 d3 48.f6 Nc5 49.Rh2 c3 50.Rh4+ Ke3 51.Rc4
Nd7 52.Rxc3 Ke2 53.Rc7 Ne5+ {=} 54.Kf5 {?!} ( 54.Kg7 d2 55.f7
Nxf7 56.Re7+ Kd3 57.Rd7+ Ke2 {=} ) d2 55.Rc2 Nd7 56.Ke6 Nxf6
{$19  (The scoresheet ends here.  Perhaps there is an unrecorded move.  If 57.
... Ne8, then Black should win easily.  On the other hand, if Ke1, the game draws with K&Q vs. K&Q.)^013^010
}
 1/2-1/2

[Event "Washington Class Championships"]
[Site "Redmond, WA"]
[Date "2012.11.25"]
[Round "6"]
[White "Sinanan Joshua  (WA)"]
[Black "Sang Tian  (WA)"]
[Result "1/2-1/2"]
[WhiteElo "2262"]
[BlackElo "2213"]
[Annotator ""]
[Source ""]
[Remark "Master"]

1.d4 Nf6 2.c4 e6 3.g3 Bb4+ 4.Bd2 Qe7 5.Nf3 Nc6 6.Nc3 d5 7.Bg2
O-O 8.O-O dxc4 9.Bg5 h6 10.Bxf6 Qxf6 11.Ne4 Qe7 12.Qc2 e5 13.dxe5
Nxe5 14.Nxe5 Qxe5 15.Qxc4 Be7 16.Rac1 c6 17.Qc3 1/2-1/2

[Event "Washington Class Championships"]
[Site "Redmond, WA"]
[Date "2012.11.25"]
[Round "6"]
[White "Collyer Curt  (WA)"]
[Black "Feng Roland  (WA)"]
[Result "1-0"]
[WhiteElo "2288"]
[BlackElo "2204"]
[Annotator ""]
[Source ""]
[Remark "Master"]

1.d4 Nf6 2.c4 e6 3.Nc3 Bb4 4.f3 b6 5.e4 Bxc3+ 6.bxc3 d6 7.Bd3
h6 8.f4 Bb7 9.Qe2 c5 10.Nf3 Qe7 11.O-O Nc6 12.Bd2 O-O-O 13.Be1
Rdg8 14.Rd1 g5 15.d5 Nb8 16.e5 dxe5 17.fxe5 Nh5 18.g3 Nd7 19.d6
Qe8 20.Be4 g4 21.Bxb7+ Kxb7 22.Bd2 Kb8 23.Nh4 Ng7 24.Qe4 h5 25.a4
a5 26.Bf4 Ka7 27.Qc6 Qc8 28.Qc7+ Ka6 29.Rfe1 Rh7 30.Bg5 Rf8 31.Rd2
Rg8 32.Rf2 Qxc7 33.dxc7 Nf5 34.Nxf5 exf5 35.Rd2 f6 36.e6 Ne5
37.Rxe5 fxe5 38.Rd8 Rxc7 39.Rxg8 1-0

[Event "Washington Class Championships"]
[Site "Redmond, WA"]
[Date "2012.11.23"]
[Round "2"]
[White "He Samuel  (WA)"]
[Black "Fields Noah  (WA)"]
[Result "1-0"]
[WhiteElo "1983"]
[BlackElo "1837"]
[Annotator ""]
[Source ""]
[Remark "Expert"]

1.d4 d5 2.Bf4 Nf6 3.e3 e6 4.Nf3 c5 5.c3 Nbd7 6.Bd3 Be7 7.Nbd2
b6 8.O-O Bb7 9.Ne5 O-O 10.Qf3 Nxe5 11.dxe5 Nd7 12.Qh3 g6 13.Bg3
{%08DA} Re8 14.Rad1 Bf8 15.e4 Bg7 16.f4 f5 17.exd5 exd5 18.Rf2
Nf8 19.Bb5 Re6 20.Nf1 a6 21.Be2 Re8 22.Bf3 Ne6 23.Rfd2 g5 24.Bxd5
Bxd5 25.Rxd5 Qc8 26.fxg5 Nxg5 27.Qh5 Nf7 28.Rd7 Nh6 29.Bf4 Re6
30.Bxh6 Rg6 31.Bxg7 Qc6 32.Qe2 Re8 33.R1d6 Qa4 34.b3 Qh4 35.Rxg6
hxg6 36.Qc4+ ( 36.Qd2 ) Qxc4 37.bxc4 b5 38.cxb5 axb5 39.Ne3 Ra8
40.Nd5 Ra6 41.Nf6+ Rxf6 42.Bxf6 b4 43.cxb4 ( 43.e6 g5 44.Rg7+
Kh8 45.e7 c4 46.e8Q# ) cxb4 44.e6 b3 45.axb3 g5 46.b4 g4 47.b5
g3 48.b6 gxh2+ 49.Kxh2 f4 50.b7 1-0

[Event "Washington Class Championships"]
[Site "Redmond, WA"]
[Date "2012.11.23"]
[Round "2"]
[White "Smith Andrew  (WA)"]
[Black "Deshpande Abhay  (WA)"]
[Result "0-1"]
[WhiteElo "988"]
[BlackElo "688"]
[Annotator ""]
[Source ""]
[Remark "F"]

1.e4 e5 2.Nf3 Nc6 3.d4 exd4 4.Bc4 Bc5 5.O-O Nf6 6.Re1 O-O 7.e5
Ne8 8.Bg5 ( 8.Bg5 Be7 9.Bxe7 Qxe7 10.Nxd4 Qc5 11.Nxc6 Qxc6 12.Bb3
Qg6 13.Nc3 c6 14.Qf3 d5 15.exd6 Nxd6 16.Rad1 Ne8 17.Qe3 Bf5 18.Rd2
Nf6 19.Rde2 h6 20.Qe7 Rab8 21.Qc7 Rfc8 22.Qd6 Rd8 23.Qf4 Nh5
24.Qh4 Nf6 25.Re7 Rf8 26.Qf4 Ra8 27.Rxb7 Bxc2 28.Bc4 a5 29.Ree7
Kh7 30.Bxf7 Qd3 31.Bc4 Qg6 32.Rxg7+ Qxg7 33.Rxg7+ Kxg7 34.Qc7+
Kh8 35.Qxc6 Rac8 36.Qb5 Rfe8 37.h3 Ra8 38.Bd3 Re1+ 39.Kh2 Bxd3
40.Qxd3 Ree8 41.Qg6 Ng8 42.Nb5 Re2 43.Nd6 Rxf2 44.Nf7+ Rxf7 45.Qxf7
Rb8 46.Qf5 Re8 47.Qxa5 Re3 48.Qd2 Re8 49.Qd4+ Kh7 50.Qd7+ Re7
51.Qd3+ Kg7 52.a4 Kf7 53.b4 Ke8 54.a5 h5 55.Qg6+ Kf8 56.Qxh5
Nf6 57.Qf5 Kf7 58.b5 Rb7 59.a6 Ra7 60.Qc5 {1-0, Larrea Mariangeles (ARG) - Tournier Cecilia (ARG), Bento Goncalves (Brazil) 2000}
) Be7 9.Qd2 Bxg5 10.Nxg5 d5 11.exd6 Nxd6 12.Bd5 Bf5 13.Qf4 Nb4
14.Bb3 Bxc2 15.Re5 Nd3 16.Qh4 h6 17.Bxc2 Nxe5 18.f4 Re8 19.Nd2
Ng6 20.Bxg6 fxg6 21.Ndf3 Nf5 22.Qf2 hxg5 23.Nxg5 d3 24.Qc5 d2
25.Qc4+ Kh8 26.Nf7+ Kh7 27.Nxd8 Re1+ 28.Rxe1 dxe1Q+ 0-1

[Event "Washington Class Championships"]
[Site "Redmond, WA"]
[Date "2012.11.23"]
[Round "2"]
[White "Sinanan Joshua  (WA)"]
[Black "Sen Samir  (WA)"]
[Result "0-1"]
[WhiteElo "2262"]
[BlackElo "2158"]
[Annotator ""]
[Source ""]
[Remark "Master"]

1.Nf3 d5 2.c4 c6 3.e3 Nf6 4.Nc3 Bg4 5.h3 Bf5 6.g4 Bc8 7.Qc2 e6
8.g5 Nfd7 9.d4 Be7 10.h4 dxc4 11.Bxc4 b5 12.Bd3 b4 13.Ne2 Bb7
14.Bxh7 c5 15.Be4 Qb6 16.Nf4 Nc6 17.d5 Nce5 18.Nxe5 Nxe5 19.Qa4+
Kf8 20.Qc2 Rd8 21.dxe6 {??} b3 22.Qxb3 Bxe4 23.Qxb6 axb6 24.Rh3
Nf3+ 25.Rxf3 Bxf3 0-1

[Event "Washington Class Championships"]
[Site "Redmond, WA"]
[Date "2012.11.23"]
[Round "3"]
[White "Edwards Gary  (WA)"]
[Black "Campbell Tim  (WA)"]
[Result "1-0"]
[WhiteElo "1913"]
[BlackElo "1718"]
[Annotator ""]
[Source ""]
[Remark "A"]

1.e4 c5 2.Nf3 Nc6 3.d4 cxd4 4.Nxd4 g6 5.Nc3 Bg7 6.Be3 Nf6 7.Be2
O-O 8.O-O d5 9.exd5 Nxd5 10.Nxd5 Qxd5 11.Bf3 Qd6 12.Nxc6 Qxd1
{?} ( 12...bxc6 ) 13.Nxe7+ Kh8 14.Raxd1 Bxb2 15.Nxc8 Raxc8 16.Rd2
b6 17.Rfd1 Rce8 18.Rd7 Kg7 19.Rxa7 Re6 20.g3 1-0

[Event "Washington Class Championships"]
[Site "Redmond, WA"]
[Date "2012.11.23"]
[Round "1"]
[White "Sang Tian  (WA)"]
[Black "Collyer Curt  (WA)"]
[Result "1/2-1/2"]
[WhiteElo "2213"]
[BlackElo "2288"]
[Annotator ""]
[Source ""]
[Remark "Master"]

1.e4 b6 2.d4 Bb7 3.Nd2 e6 4.Ngf3 d6 5.Bd3 Nd7 6.O-O g6 7.Qe2
a6 8.a4 Bg7 9.c3 Ne7 10.Rd1 O-O 11.Nf1 h6 12.Ng3 c5 13.h4 Nc6
14.Bb1 Qe7 15.h5 g5 16.Qd3 Rfd8 17.Be3 Rac8 18.Qe2 cxd4 19.cxd4
Nb4 20.a5 b5 21.Qd2 Nc6 22.Ba2 Nf8 23.d5 Ne5 24.Nxe5 Bxe5 25.f4
gxf4 26.Bxf4 Bxf4 27.Qxf4 Qg5 28.Qf2 Rc7 29.Rd2 Kh8 30.Rad1 e5
31.Rf1 Nh7 32.Nf5 Nf6 33.Rc2 Rxc2 34.Qxc2 Bc8 35.Nxd6 Rxd6 36.Qxc8+
Kg7 37.Qc7 Qe3+ 38.Kh1 Qxe4 39.Qxd6 Qh4+ 40.Kg1 Qd4+ 41.Kh1 Qh4+
42.Kg1 1/2-1/2

[Event "Washington Class Championships"]
[Site "Redmond, WA"]
[Date "2012.11.23"]
[Round "1"]
[White "Wilson Diallo  (WA)"]
[Black "Davis Frederick  (WA)"]
[Result "1-0"]
[WhiteElo "1641"]
[BlackElo "1632"]
[Annotator ""]
[Source ""]
[Remark "B"]

1.e4 c5 2.Nc3 e6 3.f4 Nc6 4.Nf3 g6 5.Bc4 Bg7 6.O-O Nge7 7.Qe1
O-O 8.d3 d5 9.Bb3 Re8 10.Qh4 ( 10.Qh4 f5 11.Re1 Nd4 12.e5 Nec6
13.Qf2 b5 14.Nxd4 Nxd4 15.a4 b4 16.Nb1 Bf8 17.Be3 Nxb3 18.cxb3
d4 19.Bc1 Qd5 20.Nd2 Ba6 21.Nc4 Bxc4 22.bxc4 Qd7 23.b3 Rac8 24.Bd2
a5 25.Rf1 Be7 26.Qg3 Bd8 27.Rf3 Qe7 28.Be1 Kh8 29.Qf2 Rg8 30.Rh3
Qf7 {1/2-1/2, Juranic Bruno (CRO) 1989 - Augusta Domagoj (CRO) 2047, Rabac (Croatia) 2003}
) Nd4 11.Nxd4 cxd4 12.Ne2 a6 13.Ng3 Qd6 14.e5 Qc7 15.Ne2 Nc6
16.g4 Bf8 17.Rf3 Qe7 18.g5 h5 19.Rh3 Qd8 20.c3 dxc3 21.bxc3 b5
22.Ng3 Qa5 23.Nxh5 gxh5 24.Qxh5 Bg7 25.d4 b4 26.Bb2 Rb8 27.cxb4
Qxb4 28.a4 a5 {??} 29.Qh7+ Kf8 30.Ba3 Nxd4 31.Bxb4+ Rxb4 32.Bd1
Ba6 33.g6 Re7 34.gxf7 Rxf7 35.Qh4 Nc6 36.Rf3 Bxe5 37.Qh6+ Bg7
38.Qxe6 Bxa1 39.Qxc6 Rg7+ 40.Rg3 Bd4+ 41.Kh1 Bb7 42.Qd6+ Kg8
43.Qd8+ Kh7 44.Bc2+ Rg6 45.Bxg6+ Kg7 46.Qe7+ 1-0

[Event "Washington Class Championships"]
[Site "Redmond, WA"]
[Date "2012.11.23"]
[Round "2"]
[White "Rupel David  (WA)"]
[Black "Bartron Paul  (WA)"]
[Result "0-1"]
[WhiteElo "2134"]
[BlackElo "2110"]
[Annotator ""]
[Source ""]
[Remark "Expert"]

1.e4 e5 2.Nf3 Nf6 3.Nc3 Nc6 4.Bb5 Bb4 5.Nd5 Nxd5 6.exd5 Nd4 7.Nxd4
exd4 8.O-O O-O 9.c3 Bc5 10.b4 Bb6 11.Bd3 d6 12.Bb2 Qg5 13.c4
Bh3 14.Be4 Rae8 15.f4 Qh4 16.Bd3 Bg4 17.Qc2 Be2 18.Rf2 Qh5 19.Kh1
f5 20.c5 Bxd3 21.Qxd3 dxc5 22.bxc5 Bxc5 23.Bxd4 Bxd4 24.Qxd4
Qf7 25.Qxa7 Qxd5 26.h3 Ra8 27.Qe3 Rxa2 28.Rxa2 Qxa2 29.Qc5 Qe6
30.Kh2 Rc8 31.Rf3 b6 32.Re3 Qf7 33.Qc6 h6 34.Qb7 Rd8 35.Rc3 Rd7
36.Qc8+ Kh7 37.Qb7 Qe7 38.Qf3 Rxd2 39.Qh5 Rd5 40.Rc6 Rd6 41.Qxf5+
g6 42.Qc2 Rxc6 43.Qxc6 Qd6 44.Qe4 b5 45.Kh1 Qf6 46.Qb4 c6 47.Qe4
h5 48.Kg1 Kh6 49.Qb4 Kg7 50.Qe4 Kf7 51.Kh2 {  (The remainder of the scoresheet is illegible, but White resigned after move 59, I think.)}
 0-1

[Event "Washington Class Championships"]
[Site "Redmond, WA"]
[Date "2012.11.25"]
[Round "6"]
[White "Lee Nathan  (WA)"]
[Black "Kenney Jason  (CAN)"]
[Result "1-0"]
[WhiteElo "2123"]
[BlackElo "2122"]
[Annotator ""]
[Source ""]
[Remark "Master"]

1.e4 c5 2.Nf3 d6 3.Bb5+ Bd7 4.Bxd7+ Qxd7 5.O-O Nc6 6.c3 Nf6 7.Re1
e6 8.d4 cxd4 9.cxd4 d5 10.e5 Ne4 11.Nbd2 Nxd2 12.Bxd2 Be7 13.a3
O-O 14.Rc1 b5 15.Rc3 Rfc8 16.Rd3 Qd8 17.h4 Na5 18.b3 Rc6 19.Ng5
g6 20.Qf3 1-0

[Event "Washington Class Championships"]
[Site "Redmond, WA"]
[Date "2012.11.24"]
[Round "3"]
[White "Singh Ranjeet  (WA)"]
[Black "Hendricks David  (WA)"]
[Result "1-0"]
[WhiteElo "1534"]
[BlackElo "1615"]
[Annotator ""]
[Source ""]
[Remark "B"]

1.d4 Nf6 2.Nf3 g6 3.Bg5 Bg7 4.Nbd2 d5 5.e3 Bg4 6.Bd3 O-O 7.O-O
Nbd7 8.h3 Bxf3 9.Nxf3 c5 10.c3 Ne4 11.Bf4 Rc8 12.Nd2 f5 13.f3
Nef6 14.Qe2 c4 15.Bc2 Nh5 16.Bh2 e5 17.g4 fxg4 18.fxg4 Nhf6 19.dxe5
Ne8 20.Rxf8+ Bxf8 21.Rf1 Qe7 22.Qf3 Nc7 23.e4 Nxe5 24.Bxe5 Qxe5
25.Qf7+ Kh8 26.Kg2 Bd6 27.Qf6+ Qxf6 28.Rxf6 Be5 29.Rf7 Kg8 30.Rd7
dxe4 31.Bxe4 b5 32.Nf3 Bf4 33.Nd4 Re8 34.Kf3 Rf8 35.Kg2 a6 36.h4
Rf7 37.Rd8+ Kg7 38.h5 gxh5 39.gxh5 Kh6 40.Nf5+ Kxh5 41.Rg8 Ne6
42.Bf3# 1-0

[Event "Washington Class Championships"]
[Site "Redmond, WA"]
[Date "2012.11.24"]
[Round "1"]
[White "Deshpande Aaryan  (WA)"]
[Black "Singh Ranjeet  (WA)"]
[Result "0-1"]
[WhiteElo "1506"]
[BlackElo "1685"]
[Annotator ""]
[Source ""]
[Remark "B"]

1.d4 d5 2.c4 c6 3.Bf4 Nf6 4.e3 Nbd7 5.Nc3 e6 6.cxd5 exd5 7.Bd3
Be7 8.Nf3 O-O 9.O-O Nh5 10.Bg3 Nxg3 ( 10...Nxg3 11.hxg3 Nf6 12.a3
a5 13.Ne5 Bd6 14.f4 c5 15.Rc1 cxd4 16.exd4 Qb6 17.Nb5 Bxe5 18.fxe5
Ne4 19.g4 Bd7 20.a4 Bxb5 21.Bxb5 Qh6 22.Rf3 Rac8 23.Rc2 Rxc2
24.Qxc2 Qe6 25.Qc7 Qxg4 26.Bd7 Qh4 27.Be8 Ng5 28.Bxf7+ Nxf7 29.e6
Qe1+ 30.Kh2 Qxe6 31.Qxb7 Qh6+ 32.Kg1 Qc1+ 33.Kh2 Qh6+ 34.Kg1
Qe6 35.Qc7 Qe1+ 36.Kh2 Qb4 37.b3 Qd6+ 38.Qxd6 Nxd6 39.Rc3 Rf4
{0-1, Gonzalez Alberto (ESP) - Garcia Cristina (ESP), Formigal (Spain) 2002}
) 11.hxg3 Bd6 12.e4 dxe4 13.Nxe4 Bc7 14.Re1 Nf6 15.Qc2 Nxe4 16.Rxe4
Bf5 17.Rh4 Bxd3 18.Qxd3 g6 19.Qd2 Qf6 20.Re1 Rfe8 21.Rhe4 Rxe4
22.Rxe4 Bd6 23.Nh2 h5 24.Qe3 Kg7 25.Nf3 Rd8 26.Ne5 Bxe5 27.Rxe5
Qd6 28.Re4 Qd5 29.b3 a5 30.a3 Qd6 31.Qg5 Qd5 32.Qh4 Qxb3 33.Qxd8
Qb1+ 34.Kh2 Qxe4 35.Qd6 Qd5 36.Qf4 b5 37.Qd2 a4 38.Qc3 Qc4 39.Qb2
f6 40.Qd2 Qd5 41.Qe3 Qd6 42.f4 b4 43.axb4 Qxb4 44.Qe8 Qd6 45.Qa8
a3 46.Qa7+ Kh6 47.Qa8 Kg7 48.Qa7+ Kf8 49.Qa8+ Kf7 50.Qb7+ Ke6
51.Qb3+ Ke7 52.Qb7+ Qd7 53.Qb4+ Qd6 54.Qb7+ Kd8 55.Qa8+ Kd7 56.Qa7+
Kc8 57.Qa8+ Kd7 58.Qb7+ {%02  (The scoresheet seems to fall apart at this point.  It is marked as a win for Black, but who knows how long that took?)}
 0-1

[Event "Washington Class Championships"]
[Site "Redmond, WA"]
[Date "2012.11.24"]
[Round "4"]
[White "Yin Tom  (WA)"]
[Black "Clay Donovan  (WA)"]
[Result "1-0"]
[WhiteElo "741"]
[BlackElo "412"]
[Annotator ""]
[Source ""]
[Remark "F"]

1.e4 d5 2.exd5 Qxd5 3.Nc3 Qa5 4.Bc4 Nf6 5.Nf3 c6 6.O-O Qc7 7.d4
Bf5 8.Bg5 e6 9.Re1 Bd6 10.Qe2 Qd7 11.d5 cxd5 12.Bb5 Nc6 13.Nd4
Qc8 {??} 14.Nxf5 Rg8 15.Nxd6+ Kd8 16.Nxc8 Nd4 17.Qd3 Nxb5 18.Nxb5
Kxc8 19.Qc3+ Kd8 20.Bxf6+ ( 20.Qc7+ Ke8 21.Nd6+ Kf8 22.Qxf7# )
gxf6 21.Qxf6+ Ke8 22.Nc7+ Kd7 23.Qxf7+ Kd6 24.Nxa8 Rxa8 25.Rxe6+
Kc5 26.Qc7+ Kd4 27.Rd1# 1-0

[Event "Washington Class Championships"]
[Site "Redmond, WA"]
[Date "2012.11.24"]
[Round "1"]
[White "Mies J C  (WA)"]
[Black "Jung Trevor  (WA)"]
[Result "1-0"]
[WhiteElo "1334"]
[BlackElo "1517"]
[Annotator ""]
[Source ""]
[Remark "C"]

1.e4 e5 2.Nf3 Nc6 3.d4 exd4 4.Bc4 Be7 5.c3 d6 6.cxd4 Nf6 7.Nc3
Bg4 8.O-O O-O 9.a3 Nd7 10.b4 a6 11.Bb2 Kh8 12.Nd5 f5 13.h3 fxe4
14.hxg4 exf3 15.gxf3 Nb6 16.Nxb6 cxb6 17.Kg2 Bh4 18.Rh1 Rf4 19.Qd3
Qf6 {?} 20.Rxh4 Qxh4 21.Rh1 Rxg4+ 22.fxg4 Qxg4+ 23.Kf1 h6 24.Qd2
Qe4 25.Rxh6+ gxh6 26.Qxh6+ Qh7 27.d5+ {?} ( 27.Qf6+ Qg7 28.Qxd6
Ne5 29.dxe5 {+-} ) Ne5 28.Bxe5+ dxe5 29.Qf6+ Qg7 30.Qxb6 Rc8
{%02=/$15'time'} 1-0

[Event "Washington Class Championships"]
[Site "Redmond, WA"]
[Date "2012.11.24"]
[Round "1"]
[White "Hadzic Huso  (WA)"]
[Black "Kalina Chris  (MN)"]
[Result "1-0"]
[WhiteElo "2179"]
[BlackElo "2084"]
[Annotator ""]
[Source ""]
[Remark "Master"]

1.e4 c5 2.Nf3 d6 3.d4 cxd4 4.Nxd4 Nf6 5.Nc3 g6 6.Be3 Bg7 7.f3
O-O 8.Qd2 Nc6 9.Bc4 Bd7 10.Bb3 Qa5 11.O-O-O Rfc8 12.Kb1 Ne5 13.Bg5
Rc5 14.Bxf6 Bxf6 15.Nd5 Qxd2 16.Nxf6+ Kg7 17.Rxd2 Kxf6 18.f4
Nc4 19.Bxc4 Rxc4 20.b3 Rc7 21.Kb2 b5 22.Re1 e6 23.Nf3 Rac8 24.e5+
dxe5 25.Nxe5 Bc6 26.c4 bxc4 27.Nxc4 Bd5 28.Nd6 Rd8 29.Ne4+ Kf5
30.g3 Rb8 31.Nc3 Bc6 32.Re5+ Kf6 33.Rc5 Rbc8 34.Rc2 1-0

[Event "Washington Class Championships"]
[Site "Redmond, WA"]
[Date "2012.11.24"]
[Round "2"]
[White "Mathews Dan  (WA)"]
[Black "Singh Ranjeet  (WA)"]
[Result "1/2-1/2"]
[WhiteElo "1711"]
[BlackElo "1685"]
[Annotator ""]
[Source ""]
[Remark "B"]

1.e4 e5 2.Nf3 Nf6 3.d3 Nc6 4.Nc3 Be7 5.Bg5 O-O 6.Bxf6 Bxf6 7.Nd5
d6 8.Be2 Be6 ( 8...Be6 9.Ne3 Ne7 10.c4 c6 11.O-O d5 12.Nd2 d4
13.Nc2 Ng6 14.Bg4 Qd6 15.b4 Bxg4 16.Qxg4 Nf4 17.Qf3 Be7 18.Kh1
f5 19.g3 Nh3 20.Qg2 Ng5 21.f4 exf4 22.gxf4 Ne6 23.e5 Qc7 24.Rf3
Kh8 25.Rh3 Nxf4 26.Qf3 Nxh3 27.Qxh3 Qxe5 28.Re1 Qf6 29.Nf3 c5
30.bxc5 Bxc5 31.Qh5 g6 32.Qh3 Rae8 33.Qg3 Rxe1+ 34.Qxe1 g5 35.Qe5
Qxe5 36.Nxe5 Re8 37.Nf3 g4 38.Nfxd4 Bxd4 39.Nxd4 f4 40.Kg2 Re3
{0-1, Castelluzzo Salvatore (ITA) 2100 - Kusterle Francesco 1660, Portoroz (Slovenia) 1996}
) 9.Nxf6+ Qxf6 10.Qd2 Rfe8 11.Qg5 Qxg5 12.Nxg5 Bd7 13.c3 Rad8
14.O-O-O f5 15.exf5 Bxf5 16.Nf3 e4 17.Ne1 d5 18.d4 Rf8 19.Nc2
Bg6 20.Rdf1 Ne7 21.Ne3 Rf7 22.f3 Rdf8 23.fxe4 Bxe4 24.Rxf7 Rxf7
25.Rf1 Rxf1+ 26.Bxf1 h5 27.Kd2 Kf7 28.Bd3 Bxd3 29.Kxd3 Ke6 30.b3
Ng8 31.c4 c6 32.cxd5+ cxd5 33.g3 Nf6 34.a3 Ne4 35.Ng2 g5 36.b4
Nf2+ 37.Ke2 Ne4 38.Ne3 Nc3+ 39.Kd3 Ne4 40.Ke2 Nc3+ 41.Kd3 Ne4 1/2-1/2